• 首页
  • 本馆介绍
  • 公告通知
  • 最新文献
  • 馆藏检索
  • 电子资源
  • 读者导购
  • 参考咨询
  • 我的图书馆
  • 登录
  • 详细信息显示
  • 放入我的书架
  • 预约/预借图书
  • 作者相关作品
  • 分类相关作品
  • 丛书相关作品
  • 出版社相关作品

书目信息

  • 表格格式
  • 工作单格式
  • 卡片格式
题名:
中国经济思想史资料选辑
    
 
作者: 巫宝三 主编
分册: 下册   先秦部分
出版信息: 北京   中国社会科学出版社  1985
页数: 598页
开本: 21cm
丛书名:
单 册:
中图分类: F092.2
科图分类:
主题词: 经济思想史--中国--先秦时代--文集 , 经济思想史
电子资源:
ISBN:
000 00725nam0 2200253 45
001 0185002062
005 20040425095028.8
010    @dCNY6.902
091    @a4190.185
100    @a19900904g1985 kemy0chiy0121 ea
101 0  @achi
102    @aCN@b110000
105    @ay z 000yy
106    @ar
200 10 @a中国经济思想史资料选辑@Azhong guo jing ji si xiang shi zi liao xuan ji@i先秦部分@h下册@f巫宝三主编
210    @a北京@c中国社会科学出版社@d1985
215    @a598页@d21cm
606    @a经济思想史@y中国@z先秦时代@x文集
606 0  @a经济思想史
690    @aF092.2
701  0 @a巫宝三@Awu bao san@4主编
801  0 @aCN@b深圳图书馆@c20040425
801  2 @aCN@bNLC@c20040425
905    @f2@b153410-411@dF092.2@e13:2
    
    中国经济思想史资料选辑.先秦部分.下册/巫宝三主编.-北京:中国社会科学出版社,1985
    598页;21cm
    
    
    ISBN :CNY6.902
    
●
相关链接 在E读中查询图书 在五车中查询图书 在当当中查询图书 在豆瓣中查询图书


正题名:中国经济思想史资料选辑     索取号:F092.2/13:2         预约/预借

序号 登录号 条形码 馆藏地/架位号 状态 备注
1 0153410   000195522   密集书库/ [索取号:F092.2/13:2] 在馆    
2 0153411   000195568   第一借阅区/ [索取号:F092.2/13:2] 在馆    
3 0153412   002056447   第一样本阅览室/ [索取号:F092.2/13:2] 在馆    
唐山师范学院图书馆 欢迎您!
大连网信软件有限公司© 版权所有